Expressão e contemporaneidade (Registo nº 21255)
[ vista simples ]
| 000 -Etiqueta do registo | |
|---|---|
| Valores | 00792nam a22002531i 4500 |
| 010 ## - Número ISBN | |
| ISBN | 9789722714006 |
| 090 ## - | |
| -- | 21255 |
| 100 ## - Dados gerais de processamento | |
| Dados gerais | 20170304u u u0frey50 ba |
| 101 0# - Língua de publicação | |
| -- | por |
| 200 1# - Titulo e menção de responsabilidade | |
| Primeira menção de responsabilidade | José Bettencourt da Câmara |
| Título próprio | Expressão e contemporaneidade |
| Informação de outro título | a arte moderna segundo Merleau-Ponty |
| 210 ## - Publicação | |
| Nome do editor | Imprensa Nacional-Casa da Moeda |
| Local de publicação | Lisboa |
| Data de publicação | imp. 2005 |
| 215 ## - Descrição física | |
| Paginação / Volumes | 243, [5] p. |
| Outras indicações físicas | [8] f. fot. color. |
| Dimensões | 24 cm |
| 225 2# - Colecção | |
| Título próprio da colecção | Estudos gerais |
| 225 2# - Colecção | |
| Nome de parte ou secção | Série universitária |
| 300 ## - Notas gerais | |
| Texto da nota | Oferta de Imprensa Nacional - Casa da Moeda |
| 600 ## - Nome de pessoa usado como assunto | |
| Apelido | Merleau-Ponty |
| Nome | Maurice |
| -- | 1047 |
| 606 ## - Nome comum usado como assunto | |
| ID Autoridade | 1048 |
| Palavra de ordem | Filosofia |
| 606 ## - Nome comum usado como assunto | |
| ID Autoridade | 1052 |
| Palavra de ordem | Dissertações |
| 675 ## - CDU | |
| Notação | 1(042) |
| 700 #1 - Autor principal (pessoa individual) | |
| Apelido | Câmara |
| Nome | José Bettencourt da |
| -- | 070 |
| 801 ## - Fonte de origem | |
| País | PT |
| Regras de catalogação | RPC |
| 990 ## - Elementos KOHA | |
| Tipo de documento | Livro |
| 994 ## - Estado da catalogação | |
| -- | COMP |
| Situação do levantamento | Estado | Biblioteca de origem | Biblioteca de empréstimo | Código de barras | Cota | Permissão de empréstimo | Tipo de documento |
|---|---|---|---|---|---|---|---|
| Completo | Biblioteca Municipal de Viana Do Alentejo | Biblioteca Municipal de Viana Do Alentejo | 0026291 | 1 CAM | Disponível | Livro | |
| Completo | Biblioteca Municipal de Viana Do Alentejo Pólo Alcáçovas | Biblioteca Municipal de Viana Do Alentejo Pólo Alcáçovas | 0026294 | 1 CAM | Disponível | Livro |